Parasitology (Record no. 138296)

MARC details
000 -LEADER
fixed length control field 00520nam a22002177a 4500
003 - CONTROL NUMBER IDENTIFIER
control field OSt
005 - DATE AND TIME OF LATEST TRANSACTION
control field 20260529152750.0
008 - FIXED-LENGTH DATA ELEMENTS--GENERAL INFORMATION
fixed length control field 260529b |||||||| |||| 00| 0 eng d
020 ## - INTERNATIONAL STANDARD BOOK NUMBER
International Standard Book Number 978-81-239-1810-5
040 ## - CATALOGING SOURCE
Transcribing agency SBCL
082 ## - DEWEY DECIMAL CLASSIFICATION NUMBER
Classification number 616.96
Item number CHA-P
100 ## - MAIN ENTRY--PERSONAL NAME
Personal name Chatterjee,K.D
245 ## - TITLE STATEMENT
Title Parasitology
250 ## - EDITION STATEMENT
Edition statement 13th ed.
260 ## - PUBLICATION, DISTRIBUTION, ETC.
Place of publication, distribution, etc. New Delhi
Name of publisher, distributor, etc. CBS Publishers & Distributors
Date of publication, distribution, etc. 2025
300 ## - PHYSICAL DESCRIPTION
Extent 298p.
630 ## - SUBJECT ADDED ENTRY--UNIFORM TITLE
General subdivision Technology
650 ## - SUBJECT ADDED ENTRY--TOPICAL TERM
Topical term or geographic name entry element Medicine & health
650 ## - SUBJECT ADDED ENTRY--TOPICAL TERM
Topical term or geographic name entry element Diseases
942 ## - ADDED ENTRY ELEMENTS (KOHA)
Koha item type BOOK
Holdings
Withdrawn status Lost status Source of classification or shelving scheme Damaged status Not for loan Collection code Home library Current library Date acquired Total Checkouts Full call number Barcode Shelving location Date last seen Cost, replacement price Price effective from Koha item type
    Dewey Decimal Classification     Microbiology SB LIBRARY SB LIBRARY 29/05/2026   616.96 CHA-P 143793 GENERAL STACK 29/05/2026 795.00 29/05/2026 BOOK

Powered by Koha